| 000 | 00392nam a2200157Ia 4500 | ||
|---|---|---|---|
| 008 | 230917s9999||||xx |||||||||||||| ||und|| | ||
| 040 |
_e158067 _aMAIN |
||
| 041 | _aEnglish | ||
| 082 | _a340.1 P212V | ||
| 100 | _aPranjapee, N.V | ||
| 245 | 0 | _aVidhishastra tatha vidhi ke siddhant | |
| 250 | _a10th ed. | ||
| 260 |
_aAllahabad _bCentral Law Agency _c1992 |
||
| 300 | _a400 p. | ||
| 942 | _cBK | ||
| 999 |
_c71225 _d71225 |
||